00503 2200193 4500001002100000005001500021035002000036008004100056245006200097100002700159250000600186260004600192300001100238084001400249082000800263650001400271990001200285990001200297INLIS00000000000035720240503082850 a0010-0424000333240503 0 ind 1 aMeraih Hokie Dengan Koi Dan Koki /cSuwarman Partosuwiryo aPartosuwiryo, Suwarman a1 aYogyakarta :bPT. Citra Aji Parama,c2015 a60 hlm a600 SUW m a600 4aNon Fiksi a0728683 a0728684